Państwa powyżej 200 milionów mieszkańców - Statystyki

Ogólne statystyki
  • Ten quiz został rozwiązany 3 684 razy
  • Średni wynik to 6 z 7
Statystyki odpowiedzi
Data Liczba ludności Państwo % Poprawnych
1761 1 423 mln Chiny
100%
1967 351 mln Stany Zjednoczone
99%
1855 1 466 mln Indie
98%
2012 213 mln Brazylia
90%
1967 286 mln Indonezja
78%
2019 239 mln Nigeria
75%
2018 256 mln Pakistan
71%
Nie znaleziono quizów pasujących do podanych kryteriów
Rozkład punktacji
Procent ludzi z każdym wynikiem
Percentyl według liczby udzielonych odpowiedzi
Twoja historia wyników
Nie rozwiązałeś tego quizu